Julia do lacre do bem (Record no. 157127)

MARC details
000 -LÍDER
campo de controle de tamanho fixo 00385 a2200169 4500
001 - NÚMERO DE CONTROLE
campo de controle 157127
020 ## - ISBN - INTERNATIONAL STANDARD BOOK NUMBER
ISBN - International Standard Book Number 9788568342329
040 ## - FONTE DA CATALOGAÇÃO
Instituição que transcreveu o registro Escola São Tomás de Aquino
100 ## - ENTRADA PRINCIPAL--NOME PESSOAL
Nome pessoal MACEDO, Julia
240 10 - TÍTULO UNIFORME
Título uniforme Julia do lacre do bem
Idioma da obra por
245 10 - TÍTULO
Título Julia do lacre do bem
300 ## - DESCRIÇÃO FÍSICA
Extensão 144 p.
362 0# - DATAS DE PUBLICAÇÃO E/OU DESIGNAÇÃO SEQUENCIAL
Datas de publicação e/ou designação sequencial 2017
440 #1 - DECLARAÇÃO DE SÉRIE/ENTRADA ADICIONADA--TÍTULO
Título Educore
697 ## - ENTRADA DE ASSUNTO LOCAL--ENTIDADE COLETIVA (RLIN)
Nome corporativo ou nome da jurisdição *LITERATURA JUVENIL
942 ## - ELEMENTOS DE ENTRADA ADICIONADOS (KOHA)
Tipo de material Koha Livros
Holdings
Situação do descarte Situação das perdas Situação física Não pode ser emprestado Biblioteca de origem Biblioteca atual Data de aquisição Total de empréstimos Número de chamada completo Código de barras Data de último acesso Data do preço efetivo Tipo de material Koha
        ESTA - SÃO BENTO ESTA - SÃO BENTO 30/04/2024   028.54 MAC JUL EST00011834 30/04/2024 30/04/2024 Livros